000 00990nam a2200265 a 4500
001 BRCA_3744
005 20190320204416.0
008 150909s1985----mx-a---###---#000-0#spa-#
041 _aspa
044 _amx
050 4 _aF1391.Q9
_b.C68 1985
100 1 _aCovarrubias Gaitán, Francisco
_99753
245 1 0 _aLas misiones de Sierra Gorda
_cdirección general, coordinación y textos Francisco Covarrubias Gaitán, Jaime Ortiz Lajous.
260 _aMéxico
_bGobierno del Estado de Querétaro : Elzevir
_c1985
300 _a166 p.
_bil. (algunas a color), mapas
_c33 cm.
500 _aIncluye índice de lugares
504 _aBibliografía: p. 166
546 _aTexto en: español e inglés
650 1 4 _aArte colonial
_zMéxico
_99754
650 1 4 _aArquitectura religiosa
_zSierra Gorda, Queretaro (México)
_99755
650 1 4 _aArquitectura de iglesias
_zMéxico
_95305
650 1 4 _aArte cristiano y simbolismo
_zMéxico
_942
700 1 _aOrtiz Lajous, Jaime
_93911
942 _2lcc
_cB
999 _c3473
_d3473